<?xml version="1.0" encoding="UTF-8"?><?xml-stylesheet type="text/xsl" href="static/style.xsl"?><OAI-PMH xmlns="http://www.openarchives.org/OAI/2.0/" xmlns:xsi="http://www.w3.org/2001/XMLSchema-instance" xsi:schemaLocation="http://www.openarchives.org/OAI/2.0/ http://www.openarchives.org/OAI/2.0/OAI-PMH.xsd"><responseDate>2026-06-04T03:20:59Z</responseDate><request verb="GetRecord" identifier="oai:riuma.uma.es:10630/4360" metadataPrefix="marc">https://riuma.uma.es/rest/oai/request</request><GetRecord><record><header><identifier>oai:riuma.uma.es:10630/4360</identifier><datestamp>2026-02-03T12:46:50Z</datestamp><setSpec>com_10630_2254</setSpec><setSpec>col_10630_37957</setSpec></header><metadata><record xmlns="http://www.loc.gov/MARC21/slim" xmlns:dcterms="http://purl.org/dc/terms/" xmlns:doc="http://www.lyncode.com/xoai" xmlns:xsi="http://www.w3.org/2001/XMLSchema-instance" xsi:schemaLocation="http://www.loc.gov/MARC21/slim http://www.loc.gov/standards/marcxml/schema/MARC21slim.xsd">
   <leader>00925njm 22002777a 4500</leader>
   <datafield ind2=" " ind1=" " tag="042">
      <subfield code="a">dc</subfield>
   </datafield>
   <datafield ind2=" " ind1=" " tag="720">
      <subfield code="a">Behrendt, Ángela</subfield>
      <subfield code="e">author</subfield>
   </datafield>
   <datafield ind2=" " ind1=" " tag="260">
      <subfield code="c">2010</subfield>
   </datafield>
   <datafield ind2=" " ind1=" " tag="520">
      <subfield code="a">Los objetivos de este trabajo son analizar y comprender si existe una inclusión digital y social por implatar el Plan CEIBAL y, en segundo lugar, si se han producido cambios en el proceso de enseñanza y de aprendizaje y en los procesos cognitivos y metacognitivos del alumnado de una escuela del interior de Uruguay. &#xd;
La tesis está estructurada en dos partes: una primera que ofrece un marco conceptual y una segunda, empírica. La primera parte contiene tres capítulos que analizan conceptualmente Uruguay, el tema de la educación y la inclusión y la relación de las TICs y el Plan CEIBAL. La segunda parte comienza con la metodología y procedimiento de investigación empleado, continúa con los resultados de la investigación y finaliza con un apartado de conclusiones y recomendaciones.</subfield>
   </datafield>
   <datafield ind1="8" ind2=" " tag="024">
      <subfield code="a">9788497475846</subfield>
   </datafield>
   <datafield ind1="8" ind2=" " tag="024">
      <subfield code="a">http://hdl.handle.net/10630/4360</subfield>
   </datafield>
   <datafield tag="653" ind2=" " ind1=" ">
      <subfield code="a">Educación inclusiva - Uruguay - Tesis doctorales</subfield>
   </datafield>
   <datafield tag="653" ind2=" " ind1=" ">
      <subfield code="a">Educación - Uruguay - Tesis doctorales</subfield>
   </datafield>
   <datafield tag="653" ind2=" " ind1=" ">
      <subfield code="a">Tecnología educativa - Uruguay - Tesis doctorales</subfield>
   </datafield>
   <datafield ind2="0" ind1="0" tag="245">
      <subfield code="a">Educación e inclusión. Los procesos de enseñanza y aprendizaje en la educación primaria y la inclusión digital. Un estudio de casos en Uruguay</subfield>
   </datafield>
</record>
</metadata></record></GetRecord></OAI-PMH>